Creative kids

Detalles Bibliográficos
Título anterior:Chart your course (Mobile, Ala.)
Formato: Electrónico Revista
Lenguaje:inglés
Publicado: Mobile, AL : GCT Inc., ©1986-
Materias:
Acceso en línea:Full text available from Research Library: 04/01/2005 to 07/31/2017

MARC

LEADER 00000nas a2200000 a 4500
001 ssj0014013
003 WaSeSS
005 20200512172242.0
006 m d
007 cr n
008 861009c19869999alumn p s 0 a0eng d
010 |a sn 87000276  
022 |l 0892-9599  |y 0892-9599 
032 |a 011524  |b USPS 
035 |a (WaSeSS)ssj0014013 
037 |b Creative Kids, P.O. Box 637, Holmes, PA 19043 
040 |a GZF  |b eng  |c GZF  |d NSD  |d NST  |d NSD  |d VP@  |d OCLCQ  |d CUS  |d OCLCQ  |d OCLCA  |d OCLCF  |d HCO  |d OCLCO  |d OCL  |d OCLCQ  |d CBA  |d OCLCO  |d ZQP  |d OCLCO  |d WaSeSS 
042 |a nsdp 
050 1 4 |a AP201 
082 1 0 |a 051  |2 11 
210 0 |a Creat. kids 
222 0 |a Creative kids 
245 0 0 |a Creative kids  |h [electronic resource]. 
260 |a Mobile, AL :  |b GCT Inc.,  |c ©1986- 
310 |a Monthly (Oct.-May) 
362 0 |a Vol. 5, no. 1 (Oct. 1986)- 
506 |a License restrictions may limit access. 
580 |a Continues: Chart your course. 
588 |a Latest issue consulted: Vol. 5, no. 2 (Nov. 1986). 
650 0 |a Children's periodicals. 
650 7 |a Children's periodicals.  |2 fast  |0 (OCoLC)fst00856186 
655 0 |a Electronic journals. 
780 1 0 |t Chart your course (Mobile, Ala.)  |x 0744-3420 
850 |a AAP  |a AzTeS  |a CaNSHD  |a IaAS  |a MiDW 
856 4 0 |z Full text available from Research Library: 04/01/2005 to 07/31/2017  |u https://search.proquest.com/publication/34010